Paroles - Ça ira mon amour - 1789, Les Amants de la Bastille - Statistiques

Statistiques générales
  • Ce quiz a été pris 297 fois
  • Le résultat moyen est 199 sur 254
Statistiques - réponses
Answers % Correct
C'
99%
t'
99%
amour
98%
Ça
98%
ça
98%
ira
98%
mon
98%
Mon
98%
l'
96%
Pour
96%
pour
96%
s'
96%
j'
95%
J'
95%
le
95%
toujours
95%
les
93%
de
92%
je
90%
Je
90%
sur
87%
Sur
87%
Et
86%
et
86%
Liberté
86%
ta
86%
jure
85%
la
84%
ma
84%
me
84%
nos
84%
on
84%
On
84%
se
84%
tous
84%
écrira
83%
en
83%
est
83%
murs
83%
écrirai
82%
te
82%
ce
81%
ai
80%
chérie
80%
qui
80%
amants
75%
peau
75%
ton
75%
tout
75%
vie
75%
Allons
74%
tambours
74%
jour
73%
ces
72%
Cette
72%
que
72%
serments
72%
nom
71%
Il
70%
déshabille
69%
moque
69%
Moque
69%
peur
68%
avoir
66%
nous
66%
interdits
65%
osé
64%
grand
63%
Après
62%
faut
62%
libéré
62%
mes
62%
oubliera
62%
tes
62%
Voilà
62%
Déclamer
60%
bouche
59%
danser
59%
printemps
59%
raison
59%
rire
59%
démaquillent
58%
roses
58%
Ah
57%
corps
57%
Malgré
57%
pleurs
57%
rouges
57%
flots
56%
mots
56%
promis
56%
touchent
56%
vacille
56%
épouse
54%
langue
54%
Près
54%
rêvé
54%
étendard
53%
idéaux
53%
sous
53%
moindres
51%
posé
51%
emporter
50%
Viennent
50%
regards
49%
Serti
49%
péril
48%
désir
46%
esprit
46%
nuits
46%
fragile
45%
Caressé
44%
fusillent
44%
offrirai
44%
essence
42%
plaisir
37%
Savouré
37%
Aucun quiz correspondant
Distribution des résultats
% des personnes avec chaque résultat
Percentile par nombre de réponses
Votre historique - résultats
Vous n’avez pas pris ce quiz